000 00995nam a22003137a 4500
001 BR0100252
003 BR-BrBNA
005 20230928100750.0
007 ta
008 230509b bl.||||| |||| 00| 0 por d
040 _aBR-BrBNA
_bpor
_cBiblioteca Nacional de Agricultura
041 _a(Por)
072 _aQ52
_b8105
_b8954
090 _ 8105 BR0100252
100 1 _aAlbernaz, N. da S.
110 1 _aUniversidade Federal de Lavras, MG (Brasil)
_0Tese (Mestre)
245 1 _aEfeito do processamento da racao sobre os valores de digestibilidade aparente dos nutrientes para piau verdadeiro (Leporinus elongatus Cuv Val, 1864)
260 3 _aLavras, MG (Brasil):
_c2000.
300 _a54 p.
500 _aSummaries (Eng, Por); 5 tables; Bibliography p. 41-47
650 _aPiau
650 _aDigestibilidade
650 _aRacao
650 _aProcessamento
650 _aAnalise Quimica
650 _aAnalise Estatistica
909 _a202309
_bLucia
_c55
_dLucia Elande
942 _cBK
999 _c62700
_d62700